[Event "PRO League Group Stage"]
[Site "chess.com INT"]
[Date "2017.02.15"]
[Round "6"]
[White "Akobian, Varuzhan"]
[Black "Dreev, Aleksey"]
[Result "1/2-1/2"]
[WhiteTitle "GM"]
[BlackTitle "GM"]
[WhiteElo "2633"]
[BlackElo "2651"]
[WhiteTeam "St Louis Arch Bishops"]
[BlackTeam "San Diego Surfers"]
[WhiteFideId "13300580"]
[BlackFideId "4100107"]
[EventDate "2017.01.11"]

1. d4 d5 2. c4 c6 3. cxd5 cxd5 4. Nf3 Nf6 5. Nc3 Nc6 6. Bf4 e6 7. e3 Bd6 8. Bg3
Bxg3 9. hxg3 Qd6 10. Bd3 Bd7 11. Rc1 h6 12. a3 O-O 13. O-O Rac8 14. Qe2 Rfd8 15.
Rfd1 Be8 16. Nb5 Qb8 17. Qe1 a6 18. Nc3 Qd6 19. Ne2 Ne7 20. Qa5 Nc6 21. Qb6 Qc7
22. Qxc7 Rxc7 23. Ne5 Rdc8 24. Nxc6 Rxc6 25. Rxc6 Rxc6 26. Rc1 Kf8 27. Rxc6 Bxc6
28. Nc3 Ke7 29. f3 Kd6 30. g4 Be8 31. Kf2 Nd7 32. b4 Nb8 33. e4 dxe4 34. Nxe4+
Kc7 35. Nc5 b6 36. Ne4 a5 37. b5 Nd7 38. a4 Kd8 39. Nd6 Nf6 1/2-1/2

[Event "PRO League Group Stage"]
[Site "chess.com INT"]
[Date "2017.02.15"]
[Round "6"]
[White "Benjamin, Joel"]
[Black "Yudasin, Leonid"]
[Result "1/2-1/2"]
[WhiteTitle "GM"]
[BlackTitle "GM"]
[WhiteElo "2544"]
[BlackElo "2517"]
[WhiteTeam "New Jersey Knockouts"]
[BlackTeam "New York Knights"]
[WhiteFideId "2000091"]
[BlackFideId "2802341"]
[EventDate "2017.01.11"]

1. d4 Nf6 2. c4 e6 3. Nf3 b6 4. g3 Ba6 5. Nbd2 Bb7 6. Bg2 c5 7. dxc5 Bxc5 8. O-O
O-O 9. b3 d5 10. Bb2 Nbd7 11. Ne1 Rc8 12. Nd3 Be7 13. Rc1 Rc7 14. Nf4 dxc4 15.
Bxb7 Rxb7 16. Nxc4 Rc7 17. Rc2 Qb8 18. Rd2 Qb7 19. Qa1 Nc5 20. f3 Rd7 21. Rfd1
Rxd2 22. Rxd2 Rd8 23. Rxd8+ Bxd8 24. Qd1 Qd7 25. Qxd7 Ncxd7 26. Nd6 a6 27. e4
Bc7 28. Ba3 Ne5 29. Kf2 b5 30. Ke2 Nc6 31. Nb7 Nd7 32. Nd3 Bb6 33. f4 Nd4+ 34.
Kd1 Nf6 35. Nbc5 a5 36. Bb2 Nc6 37. a4 bxa4 38. bxa4 Ng4 39. h3 Ne3+ 40. Ke2 Nc4
41. Bc3 Nd6 42. g4 Ne8 43. f5 Nc7 44. Nd7 Bd4 45. Bxd4 Nxd4+ 46. Ke3 Nc6 47.
N3e5 Nxe5 48. Nxe5 exf5 49. gxf5 g6 50. fxg6 hxg6 51. Kd4 Ne6+ 52. Kc4 Ng5 53.
Nc6 Nxe4 54. Nxa5 Kf8 55. Nc6 Ke8 56. a5 Kd7 57. Ne5+ Ke6 58. a6 Nd6+ 59. Kc5
Nc8 60. Nc4 f5 61. Kc6 f4 62. Kb7 Kd7 63. Ne5+ Kd8 64. h4 Nd6+ 65. Kc6 Nc8 66.
Kd5 Kc7 67. Ke4 Ne7 68. Nc4 Nf5 69. Kxf4 Nxh4 70. Kg5 Kb8 71. Kxh4 Ka7 72. Kg5
Kxa6 73. Kxg6 1/2-1/2

[Event "PRO League Group Stage"]
[Site "chess.com INT"]
[Date "2017.02.15"]
[Round "6"]
[White "Khachiyan, Melikset"]
[Black "Akobian, Varuzhan"]
[Result "1/2-1/2"]
[WhiteTitle "GM"]
[BlackTitle "GM"]
[WhiteElo "2530"]
[BlackElo "2633"]
[WhiteTeam "San Diego Surfers"]
[BlackTeam "St Louis Arch Bishops"]
[WhiteFideId "13300512"]
[BlackFideId "13300580"]
[EventDate "2017.01.11"]

1. e4 e6 2. d4 d5 3. Nc3 Nf6 4. Bg5 dxe4 5. Nxe4 Nbd7 6. Nf3 h6 7. Nxf6+ Nxf6 8.
Be3 Bd6 9. Bd3 b6 10. Ne5 Bb7 11. Bb5+ Kf8 12. O-O Bxe5 13. dxe5 Qd5 14. Qxd5
Nxd5 15. Bd2 c5 16. a4 Ke7 17. Rfd1 Rhd8 18. a5 a6 19. Bf1 b5 20. c4 bxc4 21.
Bxc4 Bc6 22. Rdc1 g5 23. Bf1 Bb5 24. Bxb5 axb5 25. Rxc5 b4 26. h4 gxh4 27. Bxh6
Rg8 28. Bd2 Ra6 29. Rc4 Rga8 30. Kh2 Rxa5 31. Rxa5 Rxa5 32. Rxb4 Rc5 33. Bg5+
Kf8 34. Rb8+ Kg7 35. Bxh4 Rc2 36. Kg3 Kg6 37. b4 Kf5 38. Bf6 Rb2 39. Rb7 Kg6 40.
b5 Nc3 41. Be7 Rxb5 42. Rxb5 Nxb5 43. Kg4 Nc3 44. Bc5 Nd5 45. Bd4 Ne7 46. f4 Nf5
47. Bf2 Nh6+ 48. Kf3 Kf5 49. Bh4 Kg6 50. g4 Kg7 51. Bg5 Ng8 52. Ke4 Kg6 53. Kd4
Kg7 54. Kc5 Kg6 55. Kd6 Kg7 56. Kd7 Kf8 57. f5 exf5 58. gxf5 f6 59. exf6 Kf7 60.
Kd6 Nxf6 61. Ke5 Ng8 62. Bh4 Nh6 63. Bg5 Nxf5 64. Kxf5 1/2-1/2

[Event "PRO League Group Stage"]
[Site "chess.com INT"]
[Date "2017.02.15"]
[Round "6"]
[White "Tadic, Branko"]
[Black "Skoberne, Jure"]
[Result "1/2-1/2"]
[WhiteTitle "GM"]
[BlackTitle "GM"]
[WhiteElo "2472"]
[BlackElo "2542"]
[WhiteTeam "Belgrade Sparrows"]
[BlackTeam "Ljubljana Direwolves"]
[WhiteFideId "916412"]
[BlackFideId "14604299"]
[EventDate "2017.01.11"]

1. Nf3 Nf6 2. c4 g6 3. g3 Bg7 4. Bg2 O-O 5. O-O c6 6. d4 d5 7. cxd5 cxd5 8. Ne5
Nbd7 9. Nc3 Nb6 10. b3 Bf5 11. Bb2 Rc8 12. Rc1 Ng4 13. Nxg4 Bxg4 14. a4 Bh6 15.
f4 a5 16. Qd3 Bg7 17. e3 Qd7 18. Ba3 Bf5 19. Qb5 Qe6 20. Rfe1 Rxc3 21. Rxc3 Bxd4
22. Rc7 Bxe3+ 23. Kh1 Nc8 24. Bc5 Nd6 25. Qf1 d4 26. Bxd4 Bxd4 27. Rxe6 Bxe6 28.
Qd3 Bb6 29. Rxe7 Bc5 30. Bd5 Bxd5+ 31. Qxd5 b6 32. Rc7 Nf5 33. Rxc5 bxc5 34.
Qxc5 Rb8 35. g4 Ng7 36. Qxa5 h5 37. h3 Rxb3 38. Kg2 Ne6 39. Qa8+ Kg7 40. Qe4 h4
41. f5 Ng5 42. Qd4+ f6 43. Qd7+ Kh6 44. fxg6 Rg3+ 45. Kf1 Rxh3 46. g7 Kh7 47. a5
Rf3+ 48. Ke2 h3 49. a6 h2 50. g8=Q+ Kxg8 51. Qd8+ Kg7 52. Qc7+ Nf7 53. Qxh2 Ra3
54. Qc7 Rxa6 55. Kf3 Re6 56. Kg3 Re5 57. Kh4 Rg5 1/2-1/2

[Event "PRO League Group Stage"]
[Site "chess.com INT"]
[Date "2017.02.15"]
[Round "6"]
[White "Pavasovic, Dusko"]
[Black "Tadic, Branko"]
[Result "1/2-1/2"]
[WhiteTitle "GM"]
[BlackTitle "GM"]
[WhiteElo "2548"]
[BlackElo "2472"]
[WhiteTeam "Ljubljana Direwolves"]
[BlackTeam "Belgrade Sparrows"]
[WhiteFideId "14600986"]
[BlackFideId "916412"]
[EventDate "2017.01.11"]

1. e4 d6 2. d4 Nf6 3. Nc3 e5 4. Nf3 Nbd7 5. Bc4 Be7 6. O-O O-O 7. a4 c6 8. Re1
exd4 9. Nxd4 Ne5 10. Bf1 Re8 11. h3 Bd7 12. f4 Ng6 13. Be3 d5 14. e5 c5 15. exf6
Bxf6 16. Nxd5 Bxd4 17. Bxd4 Rxe1 18. Qxe1 cxd4 19. Rd1 Be6 20. Rxd4 Nxf4 21. c4
Nxd5 22. cxd5 Qb6 23. Qd2 Rd8 24. a5 Qd6 25. Bc4 Bf5 26. b3 b6 27. axb6 axb6 28.
Qf2 Bg6 29. Rd2 h6 30. Re2 Kh7 31. Qe3 b5 32. Bxb5 Qxd5 33. Bc4 Qd1+ 34. Re1 Qd6
35. Qe5 Qb6+ 36. Qe3 Qd6 37. Qe5 Qb6+ 38. Qe3 Qd6 1/2-1/2

[Event "PRO League Group Stage"]
[Site "chess.com INT"]
[Date "2017.02.15"]
[Round "6"]
[White "Nagle, Sean"]
[Black "Nyzhnyk, Illya"]
[Result "1/2-1/2"]
[WhiteTitle "IM"]
[BlackTitle "GM"]
[WhiteElo "2423"]
[BlackElo "2616"]
[WhiteTeam "Minnesota Blizzard"]
[BlackTeam "Webster Windmills"]
[WhiteFideId "2013878"]
[BlackFideId "14118084"]
[EventDate "2017.01.11"]

1. Nf3 Nf6 2. c4 c6 3. Nc3 d5 4. cxd5 cxd5 5. d4 Nc6 6. Bf4 Bf5 7. e3 e6 8. Bb5
Bb4 9. Ne5 Qa5 10. O-O Bxc3 11. Bxc6+ bxc6 12. bxc3 Rc8 13. g4 Be4 14. f3 Bg6
15. h4 h5 16. g5 Nd7 17. Nxg6 fxg6 18. Qd3 Kf7 19. Rfb1 Nb6 20. a4 Rhd8 21. Bg3
Rd7 22. Rb4 Re8 23. Rab1 Ree7 24. Kf2 Nc4 25. Qd1 e5 26. dxe5 Nxe5 27. Bxe5 Rxe5
28. Rf4+ Kg8 29. Rb8+ Rd8 30. Rb7 Qxc3 31. Qd4 Qc2+ 32. Kg3 Qc1 33. Rxg7+ Kh8
34. Re7 Qg1+ 35. Kh3 Qh1+ 36. Kg3 Qg1+ 37. Kh3 Qh1+ 38. Kg3 Qg1+ 39. Kh3 1/2-1/2

[Event "PRO League Group Stage"]
[Site "chess.com INT"]
[Date "2017.02.15"]
[Round "6"]
[White "Thorfinnsson, Bjorn"]
[Black "Fernandez, Daniel Howard"]
[Result "1/2-1/2"]
[WhiteTitle "IM"]
[BlackTitle "IM"]
[WhiteElo "2404"]
[BlackElo "2473"]
[WhiteTeam "Reykjavik Puffins"]
[BlackTeam "London Lions"]
[WhiteFideId "2300982"]
[BlackFideId "5801605"]
[EventDate "2017.01.11"]

1. d4 Nf6 2. Bf4 b5 3. e3 Bb7 4. Nd2 b4 5. Ngf3 e6 6. Bd3 Be7 7. h3 O-O 8. O-O
a5 9. c3 c5 10. a3 d5 11. axb4 axb4 12. Rxa8 Bxa8 13. cxb4 cxd4 14. Nxd4 Bxb4
15. Qa4 Qa5 16. Qxa5 Bxa5 17. Ra1 Bxd2 18. Rxa8 Nbd7 19. Rxf8+ Kxf8 20. Bd6+ Ke8
21. b4 Ne4 22. Bxe4 dxe4 23. Nb3 Bc3 24. b5 Kd8 25. g4 f5 26. Kg2 g6 27. f3
exf3+ 28. Kxf3 Kc8 29. e4 fxg4+ 30. Kxg4 Nf6+ 31. Kf3 h5 32. Kf4 g5+ 33. Ke3 e5
34. Be7 Nh7 35. Kd3 Be1 36. Nc5 Ba5 37. Ke2 Bb4 38. Kd3 g4 39. hxg4 hxg4 40. Ke2
Ng5 41. Bxg5 Bxc5 42. Bf6 Bd4 43. Kf1 Kc7 44. Kg2 Kb6 45. Kg3 Kxb5 46. Kxg4 Kc6
47. Kf5 Kd7 48. Bxe5 Bg1 49. Bf6 Ke8 50. e5 Bd4 51. e6 Ba7 52. Be5 Bb6 53. Bd6
Ba5 54. e7 Bd8 55. Ke6 Bxe7 1/2-1/2

[Event "PRO League Group Stage"]
[Site "chess.com INT"]
[Date "2017.02.15"]
[Round "6"]
[White "Dreev, Aleksey"]
[Black "Finegold, Benjamin"]
[Result "1/2-1/2"]
[WhiteTitle "GM"]
[BlackTitle "GM"]
[WhiteElo "2651"]
[BlackElo "2483"]
[WhiteTeam "San Diego Surfers"]
[BlackTeam "St Louis Arch Bishops"]
[WhiteFideId "4100107"]
[BlackFideId "2000261"]
[EventDate "2017.01.11"]

1. d4 Nf6 2. Nf3 g6 3. g3 Bg7 4. Bg2 O-O 5. O-O d6 6. b3 a5 7. c4 c6 8. Nc3 Bf5
9. Bb2 Ne4 10. Nh4 Nxc3 11. Bxc3 Bd7 12. Qd2 a4 13. b4 Na6 14. a3 Nc7 15. e4 b5
16. c5 d5 17. e5 f5 18. exf6 exf6 19. Qd3 Qe7 20. Bd2 Ne6 21. Rae1 Qf7 22. f4 f5
23. Nf3 Rae8 24. Ne5 Bxe5 25. Rxe5 Ng7 26. Bf3 h5 27. Rfe1 Rxe5 28. Rxe5 Re8 29.
Qe2 Rxe5 30. Qxe5 Ne8 1/2-1/2

[Event "PRO League Group Stage"]
[Site "chess.com INT"]
[Date "2017.02.15"]
[Round "6"]
[White "Carlstedt, Jonathan"]
[Black "Ghasi, Ameet K"]
[Result "1/2-1/2"]
[WhiteTitle "IM"]
[BlackTitle "IM"]
[WhiteElo "2413"]
[BlackElo "2455"]
[WhiteTeam "Hamburg Swashbucklers"]
[BlackTeam "London Towers"]
[WhiteFideId "24614386"]
[BlackFideId "409200"]
[EventDate "2017.01.11"]

1. d4 Nf6 2. c4 g6 3. g3 Bg7 4. Bg2 O-O 5. Nc3 d6 6. Nf3 Nc6 7. O-O a6 8. Qd3
Nd7 9. Bg5 h6 10. Be3 Nb6 11. b3 e5 12. Qd2 Kh7 13. Rad1 Bg4 14. dxe5 dxe5 15.
Bxb6 Qxd2 16. Nxd2 cxb6 17. h3 Bf5 18. Nd5 b5 19. g4 Bd7 20. Ne4 Be6 21. Nc7
Rad8 22. Nxe6 fxe6 23. Nc5 Nd4 24. Rxd4 Rxd4 25. Nxe6 Rd2 26. Nxf8+ Bxf8 27.
cxb5 axb5 28. e3 b6 29. a4 bxa4 30. bxa4 Bc5 31. Rc1 Ra2 32. Bc6 Kg7 33. Rd1 Be7
34. Rd7 Kf8 35. Rd3 Bh4 36. f4 Bf2+ 37. Kf1 exf4 38. Bd5 Rb2 39. exf4 Bc5 40.
Rf3 Rd2 41. Bb3 Kg7 42. Rc3 Rf2+ 43. Ke1 Rxf4 44. Ke2 Rf2+ 45. Kd3 h5 46. gxh5
gxh5 47. Ke4 Re2+ 48. Kf4 Bd6+ 49. Kf3 Rb2 50. Ke4 h4 51. Rf3 Bg3 52. Kd4 Kg6
53. Bf7+ Kg5 54. Bb3 Rd2+ 55. Kc3 Rh2 56. Be6 Bf4 57. Bg4 Rg2 58. Be6 Re2 59.
Bg4 Re4 60. Kb3 Re1 61. Rd3 Rb1+ 62. Kc4 Bg3 63. Rf3 Rb2 64. Rb3 Rc2+ 65. Kd3
Rc6 66. Rb5+ Kg6 67. a5 Rd6+ 68. Ke4 bxa5 69. Rxa5 Rb6 70. Ra4 Rd6 71. Rd4 Rf6
72. Rd5 Rf4+ 73. Ke3 Rb4 74. Ra5 Kf6 75. Rf5+ Ke7 76. Ra5 Kd6 77. Ra6+ Kd5 78.
Ra5+ Kc4 79. Be2+ Kc3 80. Rc5+ Kb2 81. Rb5 Rb3+ 82. Rxb3+ Kxb3 83. Kf3 1/2-1/2

[Event "PRO League Group Stage"]
[Site "chess.com INT"]
[Date "2017.02.15"]
[Round "6"]
[White "Kollars, Dmitrij"]
[Black "Arkell, Keith C"]
[Result "1/2-1/2"]
[WhiteTitle "IM"]
[BlackTitle "GM"]
[WhiteElo "2500"]
[BlackElo "2438"]
[WhiteTeam "Hamburg Swashbucklers"]
[BlackTeam "London Towers"]
[WhiteFideId "12909572"]
[BlackFideId "400270"]
[EventDate "2017.01.11"]

1. e4 c6 2. d4 d5 3. Nc3 dxe4 4. Nxe4 Nd7 5. Ng5 Ngf6 6. Bd3 Nb6 7. N1f3 h6 8.
Ne4 Nxe4 9. Bxe4 Bg4 10. O-O g6 11. h3 Bxf3 12. Bxf3 Bg7 13. c3 O-O 14. Re1 e6
15. a4 Nd5 16. a5 b5 17. axb6 axb6 18. Bd2 b5 19. Qc2 Qd6 20. g3 c5 21. dxc5
Qxc5 22. Qb3 Rfd8 23. Rxa8 Rxa8 24. Rd1 Qc4 25. Qxc4 bxc4 26. Be2 Ra2 27. Bxc4
Rxb2 28. Bxd5 exd5 29. Be3 Bxc3 30. Rxd5 1/2-1/2

[Event "PRO League Group Stage"]
[Site "chess.com INT"]
[Date "2017.02.15"]
[Round "6"]
[White "Biag, Ivan Gil"]
[Black "Benjamin, Joel"]
[Result "1/2-1/2"]
[WhiteTitle "FM"]
[BlackTitle "GM"]
[WhiteElo "2337"]
[BlackElo "2544"]
[WhiteTeam "New York Knights"]
[BlackTeam "New Jersey Knockouts"]
[WhiteFideId "5201624"]
[BlackFideId "2000091"]
[EventDate "2017.01.11"]

1. d4 Nf6 2. c4 e6 3. Nc3 Bb4 4. e3 O-O 5. Ne2 d5 6. a3 Be7 7. cxd5 exd5 8. Nf4
c6 9. Bd3 Re8 10. O-O a5 11. b3 Bd6 12. h3 Na6 13. Bc2 Nc7 14. Nd3 Bf5 15. f4
Ne4 16. Nxe4 Bxe4 17. Ne5 Bxc2 18. Qxc2 Qe7 19. Qd3 a4 20. b4 Nb5 21. Ra2 f6 22.
Nf3 Qe4 23. Qxe4 Rxe4 24. Rc2 Rae8 25. Kf2 h6 26. g3 g5 27. fxg5 hxg5 28. Kg2
Kg7 29. Rcf2 R4e6 30. Rc2 Bc7 31. h4 Kg6 32. hxg5 fxg5 33. Rh1 Re4 34. Rf2 Rg4
35. Rh3 Nc3 36. Nh2 Rge4 37. Nf1 R4e6 38. g4 Ne4 39. Rff3 Nf6 40. Ng3 Nxg4 41.
Nh5 R8e7 42. Rf8 Nf6 43. Nxf6 Rxf6 44. Rg8+ Rg7 45. Ra8 Rgf7 46. Rg8+ Rg7 47.
Rgh8 Kf7 48. Bd2 Ke6 49. Re8+ Kd7 50. Rhh8 Rgf7 51. Be1 Re7 52. Rxe7+ Kxe7 53.
Rh7+ Rf7 54. Rh6 Bd6 55. Rg6 Rh7 56. Bg3 Bxg3 57. Kxg3 Rh1 58. Rg7+ Ke6 59. Rxb7
Ra1 60. Rb6 Rxa3 61. b5 Rxe3+ 62. Kg4 Kd7 63. Rxc6 a3 64. Ra6 Kc7 65. Kxg5 Re4
66. Rxa3 Kb6 67. Kf5 Kxb5 68. Rc3 Kb4 69. Rc8 Rxd4 70. Ke5 Rd1 71. Rc7 Kb5 72.
Rb7+ Kc5 73. Rc7+ Kb5 74. Rb7+ Kc6 75. Rb2 Rd3 76. Rc2+ Kb5 77. Rb2+ Kc4 78.
Rc2+ Kb3 79. Rc5 d4 80. Ke4 Rd1 81. Rc8 d3 82. Ke3 Kb4 83. Rb8+ Kc3 84. Rc8+ Kb2
85. Rb8+ Kc2 86. Rc8+ Kb3 87. Rb8+ Kc4 88. Rc8+ Kb4 89. Rb8+ Kc5 90. Rc8+ Kb5
91. Rb8+ Kc6 92. Rb3 d2 93. Ke2 Rc1 94. Kxd2 Rc5 1/2-1/2

[Event "PRO League Group Stage"]
[Site "chess.com INT"]
[Date "2017.02.15"]
[Round "6"]
[White "Xu, Grant Y"]
[Black "Tarjan, James E"]
[Result "1/2-1/2"]
[BlackTitle "GM"]
[WhiteElo "2193"]
[BlackElo "2406"]
[WhiteTeam "Pittsburgh Pawngrabbers"]
[BlackTeam "Portland Rain"]
[WhiteFideId "2052318"]
[BlackFideId "2000180"]
[EventDate "2017.01.11"]

1. e4 e5 2. Nf3 Nc6 3. Bc4 Nf6 4. d3 Be7 5. c3 O-O 6. Bb3 d6 7. Nbd2 Re8 8. Ng5
Rf8 9. Ngf3 Na5 10. Bc2 c5 11. Nf1 Re8 12. Ng3 Bf8 13. O-O Nc6 14. d4 cxd4 15.
cxd4 Bg4 16. d5 Nd4 17. Bd3 Nd7 18. Be3 Bxf3 19. gxf3 g6 20. Bxd4 exd4 21. Bb5
Bg7 22. Ne2 Qg5+ 23. Kh1 Rad8 24. f4 Qh4 25. f3 Re7 26. Bxd7 Rdxd7 27. Rc1 Rc7
28. Qd3 Red7 29. Rc4 Qh3 30. Ng1 Qh4 31. Ne2 Qh3 32. Kg1 Rxc4 33. Qxc4 Rd8 34.
f5 Be5 35. Rf2 gxf5 36. f4 Bg7 37. Qc7 Rf8 38. e5 Qe3 39. Qxd6 d3 40. Nc3 d2 41.
Nd1 Qd4 42. Qd7 Kh8 43. Qxf5 Rg8 44. Kf1 Qxd5 45. Ke2 Rd8 46. Rf3 Qc4+ 47. Kf2
Qc5+ 48. Ke2 Qd5 49. Qd3 Qa5 50. Qb3 Qa6+ 51. Kf2 Qb6+ 52. Ke2 Qa6+ 53. Kf2 Qb6+
54. Ke2 Qa6+ 55. Kf2 Qb6+ 56. Qxb6 axb6 57. Rb3 Bh6 58. Ke3 f6 59. exf6 Re8+ 60.
Kxd2 Bxf4+ 61. Kd3 Re6 62. Nc3 Rxf6 63. Nd5 Rd6 64. Ke4 Bxh2 65. Nxb6 Kg7 66.
Nc4 Rd7 67. Na5 Re7+ 68. Kf5 Rf7+ 69. Kg4 b6 70. Nc4 Bg1 71. Nxb6 Rb7 72. Nd5
Rxb3 73. axb3 Kf7 74. Kf5 Ke8 75. Nf6+ Ke7 76. Nxh7 Bd4 77. Ke4 Bxb2 78. Kd3 Kd6
79. Kc4 Kc6 80. Ng5 Kb6 81. Ne4 Be5 82. Nf2 Bg7 83. Nd3 Bh8 84. b4 Bg7 85. b5
Bf8 86. Nf4 Bg7 87. Nd5+ Kb7 88. Nb4 Bf8 89. Nc6 Bd6 90. Na5+ Kb6 91. Nb3 Bf8
92. Nd4 Be7 93. Nf5 Bf8 94. Ne3 Bd6 95. Nd5+ Kb7 96. Kb3 Bc5 97. Ka4 Bd6 98. Nf6
Be7 99. Ne4 Bf8 100. Kb3 Kb6 101. Kc4 Be7 102. Ng3 Bf8 103. Nf5 Kb7 104. Ne3 Kb6
105. Nc2 Kb7 106. Nd4 Kb6 107. Ne6 Be7 108. Ng7 Kb7 109. Nf5 Bf8 110. Nh4 Kb6
111. Nf3 Kb7 112. Ne5 Be7 113. Nd7 Bd6 114. Kd5 Be7 115. Ke6 Bb4 116. Kd5 Be7
117. Ke5 Bb4 118. Kd4 Kc7 119. Ne5 Kb6 120. Kc4 Be7 121. Ng6 Bd6 122. Nh8 Bf8
123. Nf7 Be7 124. Nh6 Bf8 125. Nf5 Kb7 126. Ne3 Kb6 1/2-1/2

[Event "PRO League Group Stage"]
[Site "chess.com INT"]
[Date "2017.02.15"]
[Round "6"]
[White "Haug, Johannes"]
[Black "Gupta, Abhijeet"]
[Result "1/2-1/2"]
[WhiteTitle "FM"]
[BlackTitle "GM"]
[WhiteElo "2311"]
[BlackElo "2645"]
[WhiteTeam "Norway Gnomes"]
[BlackTeam "Delhi Dynamite"]
[WhiteFideId "1509268"]
[BlackFideId "5010608"]
[EventDate "2017.01.11"]

1. e4 c5 2. Nf3 d6 3. Bb5+ Nd7 4. c3 Nf6 5. Qe2 a6 6. Ba4 b5 7. Bc2 Bb7 8. d4 g6
9. a4 Bg7 10. e5 Bxf3 11. gxf3 dxe5 12. dxe5 Nh5 13. f4 O-O 14. Be4 Bh6 15. Bxa8
Qxa8 16. O-O Nxf4 17. Bxf4 Bxf4 18. axb5 Nxe5 19. f3 a5 20. Qe4 Qxe4 21. fxe4
Be3+ 22. Kg2 Ra8 23. Re1 Bf4 24. Rd1 Nc4 25. Rd7 Rb8 26. Na3 Nxa3 27. Rxa3 Rxb5
28. Rxe7 Kf8 29. Rd7 g5 30. b3 h5 31. c4 Rb6 32. Rxa5 Rxb3 33. Raa7 Rb2+ 34. Kf3
Rb3+ 35. Ke2 Rb2+ 1/2-1/2

[Event "PRO League Group Stage"]
[Site "chess.com INT"]
[Date "2017.02.15"]
[Round "6"]
[White "Haug, Johannes"]
[Black "Nihal, Sarin"]
[Result "1/2-1/2"]
[WhiteTitle "FM"]
[BlackTitle "FM"]
[WhiteElo "2311"]
[BlackElo "2340"]
[WhiteTeam "Norway Gnomes"]
[BlackTeam "Delhi Dynamite"]
[WhiteFideId "1509268"]
[BlackFideId "25092340"]
[EventDate "2017.01.11"]

1. d4 Nf6 2. c4 e6 3. Nf3 d5 4. g3 Be7 5. Bg2 O-O 6. O-O dxc4 7. Qc2 a6 8. a4
Bd7 9. Qxc4 Bc6 10. Nc3 b5 11. Qd3 b4 12. Nb1 Be4 13. Qd1 c5 14. Nbd2 Bb7 15.
dxc5 Nbd7 16. Nc4 Nxc5 17. Qxd8 Rfxd8 18. Na5 Bd5 19. Ne5 Rdc8 20. Nec6 Bd8 21.
Nxd8 Rxd8 22. Be3 Rac8 23. Rfc1 Ncd7 24. Nc6 Rxc6 25. Rxc6 Bxc6 26. Bxc6 Ne5 27.
Bb7 a5 28. Bb6 Rb8 29. Bc7 Rxb7 30. Bxe5 Nd7 31. Rc1 f6 32. Bc7 Ra7 33. b3 Kf7
34. e4 Ra8 35. Bd6 Ra6 36. Bc7 Ra8 37. Bd6 Ra6 38. Bf4 e5 39. Be3 Ke6 40. Kf1
Kd6 41. Ke2 Rc6 42. Rxc6+ Kxc6 43. Kd3 Nc5+ 44. Bxc5 Kxc5 45. f3 h5 46. g4 h4
47. h3 g6 48. Ke3 Kd6 49. Kd3 Kc5 50. Ke3 Kd6 51. Kd3 Kc5 52. Ke3 Kd6 53. Kd3 1/2-1/2

[Event "PRO League Group Stage"]
[Site "chess.com INT"]
[Date "2017.02.15"]
[Round "6"]
[White "Van Foreest, Jorden"]
[Black "Quesada Perez, Yuniesky"]
[Result "1/2-1/2"]
[WhiteTitle "GM"]
[BlackTitle "GM"]
[WhiteElo "2612"]
[BlackElo "2630"]
[WhiteTeam "Montreal ChessBrahs"]
[BlackTeam "Miami Champions"]
[WhiteFideId "1039784"]
[BlackFideId "3504409"]
[EventDate "2017.01.11"]

1. e4 e5 2. Nf3 Nc6 3. Bc4 Bc5 4. c3 Nf6 5. d3 a6 6. a4 d6 7. O-O h6 8. Be3 Bxe3
9. fxe3 O-O 10. Nbd2 d5 11. exd5 Nxd5 12. Qe2 Be6 13. a5 Qe7 14. d4 exd4 15.
exd4 Nf4 16. Qf2 Rae8 17. Rfe1 Qd7 18. Bf1 Bd5 19. Ne5 Nxe5 20. Qxf4 Ng6 21. Qg3
c6 22. b4 Ne7 23. Bd3 f5 24. Nf3 Bxf3 25. Qxf3 Nd5 26. Bc2 g6 27. Bb3 Kg7 28.
Re5 Nxb4 29. Rae1 Nd5 30. Qe2 Nxc3 31. Re7+ Rxe7 32. Qxe7+ Qxe7 33. Rxe7+ Kf6
34. Rxb7 Ne2+ 35. Kf2 Nxd4 36. Bc4 Ra8 37. Ke3 Nb5 38. Rb6 Ke5 39. Rxc6 f4+ 40.
Kf2 Nd6 41. Rxa6 Rc8 42. Bd3 g5 43. Rb6 Rc3 44. Ke2 Ra3 45. a6 g4 46. Rb1 h5 47.
Rd1 Ne4 48. Bxe4 Kxe4 49. Rd6 Ra2+ 50. Kf1 h4 51. Re6+ Kf5 52. Rh6 Kg5 53. Rb6
g3 54. Rb5+ Kf6 55. hxg3 hxg3 56. Rb6+ Ke5 57. Rb5+ Ke4 58. Rb4+ Ke3 59. Rb3+
Ke4 60. Rb4+ Ke5 61. Rb5+ Kd4 62. Rb6 Ke3 63. Re6+ Kd4 64. Rd6+ Ke3 65. Re6+ Kd3
66. Rd6+ Ke3 67. Re6+ 1/2-1/2

[Event "PRO League Group Stage"]
[Site "chess.com INT"]
[Date "2017.02.15"]
[Round "6"]
[White "Colas, Joshua"]
[Black "Tang, Andrew"]
[Result "1/2-1/2"]
[WhiteTitle "FM"]
[BlackTitle "IM"]
[WhiteElo "2328"]
[BlackElo "2466"]
[WhiteTeam "Webster Windmills"]
[BlackTeam "Minnesota Blizzard"]
[WhiteFideId "2044447"]
[BlackFideId "2059630"]
[EventDate "2017.01.11"]

1. d4 d5 2. c4 e6 3. Nc3 Be7 4. cxd5 exd5 5. Bf4 c6 6. Qc2 Nf6 7. e3 Nh5 8. Be5
Nd7 9. Be2 Nxe5 10. dxe5 g6 11. Bxh5 gxh5 12. O-O-O f6 13. e4 d4 14. exf6 Bxf6
15. Nf3 Bg4 16. Ne2 Qa5 17. Kb1 O-O-O 18. Nexd4 Bxd4 19. Rxd4 Bxf3 20. Rxd8+
Rxd8 21. gxf3 Rd2 22. Qb3 Qe5 23. h4 Rxf2 24. Qg8+ Kc7 25. Qf7+ Kb6 26. Qb3+ Kc7
27. Qf7+ Kb6 28. Qb3+ Kc7 29. Qf7+ 1/2-1/2

[Event "PRO League Group Stage"]
[Site "chess.com INT"]
[Date "2017.02.15"]
[Round "6"]
[White "Tan, Justin2"]
[Black "Gretarsson, Hjorvar Steinn"]
[Result "1/2-1/2"]
[WhiteTitle "IM"]
[BlackTitle "GM"]
[WhiteElo "2451"]
[BlackElo "2563"]
[WhiteTeam "London Lions"]
[BlackTeam "Reykjavik Puffins"]
[WhiteFideId "3206882"]
[BlackFideId "2302241"]
[EventDate "2017.01.11"]

1. e4 e5 2. Nf3 Nc6 3. Bb5 a6 4. Ba4 Nf6 5. O-O Be7 6. Re1 b5 7. Bb3 d6 8. c3
O-O 9. h3 Nb8 10. d4 Nbd7 11. Nbd2 Bb7 12. Bc2 Re8 13. Nf1 Bf8 14. Ng3 g6 15.
Bg5 h6 16. Bd2 Bg7 17. a4 c5 18. d5 c4 19. b4 cxb3 20. Bxb3 Nc5 21. c4 Qd7 22.
Ba5 Rec8 23. Nd2 h5 24. axb5 axb5 25. cxb5 Qxb5 26. Bc4 Qd7 27. Qe2 Ba6 28. Bb4
h4 29. Bxa6 Nxa6 30. Rxa6 hxg3 31. fxg3 Rxa6 32. Qxa6 Rc2 33. Qd3 Ra2 34. Kh2
Bh6 35. Nc4 Ne8 36. Re2 Ra1 37. Bc3 Ra7 38. Rb2 Rc7 39. Ba5 Ra7 40. Rb8 Kg7 41.
Nb6 Qc7 42. Rc8 Qe7 43. Bb4 Rb7 44. Rc6 Qd8 45. Qa6 Rb8 46. Qa7 Bg5 47. Ba5 Be3
48. Qa6 Bxb6 49. Rxb6 Ra8 50. Qb5 Qg5 51. Rb7 Qf6 52. Bb4 Rc8 53. Qd7 Ra8 54.
Bd2 Rd8 55. Qe7 Qxe7 56. Rxe7 Kf6 57. Rb7 Rc8 58. h4 Kg7 59. Re7 Nf6 60. Bb4
Nxe4 61. Rd7 Nf6 62. Rxd6 Rc4 63. Bd2 Ng4+ 64. Kg1 Rd4 65. Be1 Rd1 66. Kf1 Ne3+
67. Ke2 Rxd5 68. Rxd5 Nxd5 69. g4 f5 70. Bg3 e4 71. gxf5 gxf5 72. Be5+ Kg6 73.
g3 Kh5 74. Bd6 Kg4 75. Be5 Ne7 76. Bd6 Nc6 77. Ke3 Na5 78. Bf4 Nc4+ 79. Ke2 Nb2
80. Ke3 Nd3 81. Bd6 Ne1 82. Ke2 Nf3 83. Bc7 Ng1+ 84. Kf2 Nf3 85. Ke2 Nd4+ 86.
Kf2 Ne6 87. Be5 Nc5 88. Ke3 Nd7 89. Bc7 Nf8 90. Ke2 Ne6 91. Be5 Nf8 92. Bd6 Ng6
93. Bc7 Ne7 94. Bd6 Nd5 95. Be5 Nb4 96. Bd6 Nd3 97. Bb8 Nc5 98. Bd6 Ne6 99. Be5
Nf8 1/2-1/2